| 000 | 00387nam a2200157 4500 | ||
|---|---|---|---|
| 005 | 20260114144411.0 | ||
| 020 | _a9789360748319 | ||
| 082 |
_a530.41 _bKEE.P |
||
| 084 | _2Colon Classification | ||
| 100 |
_aKeer,H V _97993 |
||
| 245 | _aPrinciples of the solid state | ||
| 250 | _a3rd. | ||
| 260 |
_aNewDelhi: _bNew Age International, _c2025. |
||
| 300 | _a381p. | ||
| 942 |
_2ddc _c GIF |
||
| 999 |
_c755098 _d755098 |
||